| 000 | 00851nam a22002177a 4500 | ||
|---|---|---|---|
| 999 |
_c7896 _d7896 |
||
| 003 | AR-CdUCM | ||
| 008 | 190321b ||||| |||| 00| 0 spa d | ||
| 040 |
_aMUNICIPALIDAD PROVINCIAL DEL CUSCO _cBIBLIOTECA MUNICIPAL DEL CUSCO |
||
| 041 | _heng | ||
| 082 |
_a657 / _bP99 |
||
| 100 |
_aPyle, William W. _922326 |
||
| 245 | _aElementos de contabilidad / | ||
| 260 |
_aBuenos Aires : _bEl Ateneo, _c1974. |
||
| 300 |
_a128 páginas ; _c26 cm. |
||
| 440 |
_aSerie de enseñanza programada _922327 |
||
| 505 | _aContenido: v.2 -- Sociedad colectiva -- Sociedades anónimas -- Hipotecas y obligaciones a pagar -- Principios contables -- Análisis de estados contables ... | ||
| 650 |
_aContabilidad _910543 |
||
| 710 |
_aCentro regional de ayuda técnica, agencia para el desarrollo internacional (A.I.D) _922328 |
||
| 942 |
_2ddc _cLIBROS |
||
| 945 | _aacv | ||